| 000 | 00645nam a22001937a 4500 | ||
|---|---|---|---|
| 005 | 20170725145611.0 | ||
| 010 | _aENG-119380 | ||
| 020 |
_a9351480364 _c180.00 |
||
| 035 | _aEN-102912 | ||
| 037 | _bDBAD/PUB | ||
| 082 | _a226.06 | ||
| 100 | _aGeorge, Samuel | ||
| 245 |
_aThe gospel as public truth ; _ban Indian multi-religious perspective on lesslie newbigin / _cby Samuel George |
||
| 260 |
_aNew Delhi _bChristian World Imprints _c2015 |
||
| 270 |
_aH-12 Bali Nagar _bNew Delhi _e110015 |
||
| 300 |
_axxiii,112p. _c22cm (pbk) |
||
| 500 | _aInclude bibliographical reference and index | ||
| 942 |
_2ddc _cEN _h226.06 _mGEO |
||
| 999 |
_c142820 _d142820 |
||